| 000 | 00668nam a2200205 i 4500 | ||
|---|---|---|---|
| 001 | 119072 | ||
| 003 | ES-MaACL | ||
| 005 | 20251215130331.0 | ||
| 007 | t| | ||
| 008 | 070214s1907 sp |||| | spa d | ||
| 100 | 1 |
_aPérez Galdós, Benito, _d1843-1920 _990871 |
|
| 245 | 1 | 3 |
_aEl audaz _b: historia de un radical de antaño / _cBenito Pérez Galdós. |
| 260 |
_aMadrid : _bSucesotres de Hernando, _c1907. |
||
| 300 |
_a318 p. ; _c18 cm. |
||
| 530 | _aDisponible en formato digital. | ||
| 852 |
_aES-MaACL _jB-5778 _cSPB |
||
| 856 | 4 |
_uhttp://bdh-rd.bne.es/viewer.vm?id=0000108609&page=1 _y(Biblioteca Digital Hispánica) |
|
| 942 | _2udc | ||
| 999 |
_c119072 _d119072 |
||